दुसरी दिशा (Record no. 407065)

MARC details
000 -LEADER
fixed length control field 00443nam a2200145Ia 4500
008 - FIXED-LENGTH DATA ELEMENTS--GENERAL INFORMATION
fixed length control field 100122s9999 xx 000 0 und d
082 ## - DEWEY DECIMAL CLASSIFICATION NUMBER
Item number 17298
Classification number 823.08
100 ## - MAIN ENTRY--PERSONAL NAME
Personal name हसमनीस द का
245 ## - TITLE STATEMENT
Title दुसरी दिशा
260 ## - PUBLICATION, DISTRIBUTION, ETC. (IMPRINT)
Name of publisher, distributor, etc नवमहाराष्ट्र प्रकाशन
Date of publication, distribution, etc 1971
300 ## - PHYSICAL DESCRIPTION
Extent 131
630 ## - SUBJECT ADDED ENTRY--UNIFORM TITLE
Uniform title दुसरी दिशा
730 ## - ADDED ENTRY--UNIFORM TITLE
Uniform title दुसरी दिशा
942 ## - ADDED ENTRY ELEMENTS (KOHA)
Koha item type Book
Holdings
Withdrawn status Lost status Damaged status Not for loan Home library Current library Date acquired Cost, normal purchase price Total Checkouts Full call number Barcode Date last seen Cost, replacement price Price effective from Koha item type Public note
        S.V. Pathak Library, Vile Parle S.V. Pathak Library, Vile Parle 09/30/1971 4.00   17298 SVPPARLE-17298 01/25/2010 4.00 01/25/2010 Book General NA